000 01004cam a22002534a 4500
001 12864663
005 20250205172629.0
008 020722s2003 pauaf bf 001 0 eng
020 _a0781732816 (pbk.)
050 1 0 _aRC112
_b.P79 2003
082 0 0 _a616.9
_221
245 0 2 _aA practical approach to infectious diseases /
_cedited by Robert F. Betts, Robert L. Penn, Stanley W. Chapman.
250 _a5th ed.
260 _aPhiladelphia :
_bLippincott Williams & Wilkins,
_cc2003.
300 _axi, 1202 p., [4] p. of plates :
_bill. (some col.) ;
_c24 cm.
650 0 _aCommunicable diseases
_vHandbooks, manuals, etc.
650 1 2 _aCommunicable Diseases
_vHandbooks.
700 1 _aBetts, Robert F.
700 1 _aPenn, Robert L.
700 1 _aChapman, Stanley W.
856 4 2 _3Publisher description
_uhttp://www.loc.gov/catdir/enhancements/fy0711/2002030012-d.html
856 4 1 _3Table of contents only
_uhttp://www.loc.gov/catdir/enhancements/fy0811/2002030012-t.html
942 _2lcc
_cBK
_e5th ed.
_n0
999 _c3465
_d3465